Musique la plus connue par film Disney - Statistiques

Statistiques générales
  • Ce quiz a été pris 647 fois
  • Le résultat moyen est 6 sur 15
Statistiques - réponses
Hint Réponse % Correct
La Reine des Neiges Libérée Délivrée
78%
Mulan Comme Un Homme
72%
Le Roi Lion L'Histoire de la vie
70%
Aladin Ce rêve bleu
69%
Toy Story Je suis ton ami
58%
La Petite Sirène Sous l'Océan
58%
Pocahontas L'Air du vent
51%
Bambi La chanson de la pluie
32%
Peter Pan Tu t'envoles
31%
Blanche Neige Un jour mon Prince Viendra
31%
Le Livre de La jungle Il en faut peu pour etre heureux
25%
La Belle et la bete C'est la fête
24%
Les Aristochats Tout le monde veut devenir un cat
23%
Hercule Jamais je n'avouerai
15%
Vaina Le Bleue Lumière
7%
Aucun quiz correspondant
Distribution des résultats
% des personnes avec chaque résultat
Percentile par nombre de réponses
Votre historique - résultats
Vous n’avez pas pris ce quiz